Шиацу (Запис номер 349024)
[ съкратено ]
| 000 -Лидер | |
|---|---|
| Контролно поле с фиксирана дължина | 01623nam a2200361 c 4500 |
| 003 - Код на организацията, давaща контролен номер | |
| Контролно поле | BLK |
| 005 - Дата и час на последна редакция | |
| Контролно поле | 20201007040649.0 |
| 008 - Елементи от данни с фиксирана дължина | |
| fixed length control field | 180413b bul|||||r ||||||| ||bul|| |
| 010 ## - Наследен системен номер | |
| LC control number | KNG00027336000 |
| 040 ## - Източник на каталожния запис | |
| Идентификатор на билиотеката - собственик на записа | BLK |
| 041 ## - Код за език | |
| Код за езика на текст/звукозапис или на отделно заглавие | Немски |
| Код за езика КДБФ | Български |
| 072 #7 - Код за тематичната категория | |
| Код организация | bullib |
| Код за тематична категория | Л09 |
| Текст | Лечебна гимнастика, йога, цигун, мудри, каланетика и др. |
| 080 ## - УДК | |
| Текстов определител УДК | Рефлексотерапия. Масажи и механотерапия - Ритмичен и вибрационен масаж, термомасаж, електромасаж |
| УДК код - определител по УДК | 615.82 |
| УДК определител | (035) |
| УДК - код + определител | 615.82(035) |
| 100 ## - Редна дума - Автор | |
| Автор | Франзън, Сюзън |
| Авторска отговорност | първи автор |
| R(LIN) | 1299 |
| 139 ## - Редно поле | |
| Редна дума | Франзън, Сюзън |
| Авторски знак | Фран - Ф 76 |
| 245 10 - Сведения за заглавието | |
| Заглавие | Шиацу |
| Подзаглавни данни | Илюстрован самоучител стъпка по стъпка |
| Редно поле (дума) | Сюзън Франзън; прев. от англ. Венцислав Василев |
| 260 ## - Област на издателските данни | |
| Име на издателя, разпространителя и проч. | Хомо Футурус |
| Година на издаване | 2001 |
| 9 (RLIN) | 209772 |
| Издателство - префикс ISBN | 978-619-7047- ; 978-954-8086- ; 954-8231- |
| 300 ## - Физическа характеристика | |
| Страници | 60 с. |
| Размери/Мащаб | 20X21 см |
| Илюстрации и др. | с ил. |
| 380 ## - Жанр | |
| Жанр | Медицина |
| 650 #4 - Допълнително описание по предмет – тема | |
| Основно описание – тема или топоним | Масаж, източен |
| 9 (RLIN) | 266883 |
| 653 ## - Ключова дума – ненормативна | |
| Ключова дума | масажи |
| 653 ## - Ключова дума – ненормативна | |
| Ключова дума | шиацу |
| 659 ## - Тематичен бюлетин | |
| Тематичен бюлетин | Л |
| 700 ## - Други автори (авторска отговорност) | |
| Лично име | Василев, Венцислав |
| Автороска отговорност (Описва отношението между автора и произведението) | прев. от англ. |
| 9 (RLIN) | 1021 |
| 852 ## - Местоположение | |
| Форматна сигнатура | Цб 300668 |
| Фондова буква | Хранилище |
| 856 4# - Електронен адрес и достъп | |
| Електронен формат | pdf - файл |
| Път до файла /url/ | |
| 856 4# - Електронен адрес и достъп | |
| Електронен формат | pdf - файл |
| Път до файла /url/ | |
| 999 ## - СИСТЕМНИ КОНТРОЛНИ НОМЕРА | |
| Koha biblionumber | 349024 |
| Koha biblioitemnumber | 349024 |
| 942 ## - АРТИКУЛИ | |
| Вид на библиотечния материал | Книги |
| Скрит в OPAC | Не |
| Периодичен библиозапис | Да |
| 944 ## - СЪЗДАВАНЕ И РЕДАКЦИЯ на ЗАПИСА | |
| Създаване/Редакция | Създаване |
| Дата на регистрацията/редакция | 2020-03-11 |
| Служител, извършил регистрацията/редакцията | К.Д. |
| 999 ## - СИСТЕМНИ КОНТРОЛНИ НОМЕРА | |
| Koha biblioitemnumber | 349024 |
| 999 ## - СИСТЕМНИ КОНТРОЛНИ НОМЕРА | |
| Koha biblioitemnumber | 349024 |
| 999 ## - СИСТЕМНИ КОНТРОЛНИ НОМЕРА | |
| Koha biblioitemnumber | 24809 |
| Код за отписване | Код за изгубен артикул | Източник на класификационната схема | Код за повреда | Коз за рестрикции | Код за отдаване | Артикулен № | Име на библиотеката - собственик | Име на библиотеката, в която се намира в момента | Статус (Текущо местоположение) | Дата на вписване в системата | Местоположение - отдел | Цена в лева | Систематично азбучна сигнатура | Баркод | Цена в евро | Служебен тип на артикула |
|---|---|---|---|---|---|---|---|---|---|---|---|---|---|---|---|---|
| Не е изгубен | Universal Decimal Classification | Не е повреден | само за читалня | ползва се в читалня | 756511 | Регионална библиотека "Любен Каравелов" Русе | Регионална библиотека "Любен Каравелов" Русе | Хранилище | 2020-03-20 | Основен фонд - ползва се само за читалня | 9.50 | Цб 300668 | 120000843234 | 4.86 | Книги |